Commonwealth Games Host Cities - Statistics

General Stats
  • This quiz has been taken 1,048 times
    664 since last reset
  • The average score is 15 of 20
Answer Stats
Year City % Correct
1934 London
97%
2006 Melbourne
92%
1938 Sydney
91%
2014 Glasgow
89%
2002 Manchester
89%
2010 Delhi
86%
2022 Birmingham
85%
1970,1986 Edinburgh
83%
1950 Auckland
81%
1962 Perth
79%
1982 Brisbane
77%
1954 Vancouver
73%
2018 Gold Coast
71%
1998 Kuala Lumpur
69%
1958 Cardiff
65%
1974 Christchurch
57%
1978 Edmonton
53%
1966 Kingston
51%
1930 Hamilton
33%
1994 Victoria
33%
No matching quizzes found
Score Distribution
Percent of People with Each Score
Percentile by Number Answered
Your Score History
You have not taken this quiz since the last reset